000 01217nam a2200253 i 4500
001 164523
003 ES-MaACL
005 20251224063019.0
008 931025s1877 sp |||| | spa d
100 2 _aSan Miguel de la Vega,
_cMarqués de
_9132379
245 1 3 _aLa cárcel de Barcelona y los sistemas penitenciarios /
_c[Marqués de San Miguel de la Vega... ].
260 _aBarcelona :
_b[s.n.],
_c1877 (
_fN. Ramírez y Cía.)
300 _a53 p. ;
_c25 cm.
530 _aDisponible en formato digital.
594 _aAutor tomado de información ms. en portada.
650 4 _aEstablecimientos penitenciarios-
_zBarcelona.
_9141899
650 _aDerecho penitenciario-
_zEspaña.
_9176229
852 _aES-MaACL
_jD-134(10)
_z- Enc. pasta española
_z. - Donativo Lastres
_z. - Dedic. ms. de Eloy de San Miguel de la Vega a Francisco de Lastres
_z- Enc. en un vol. facticio
_cSVI
_9170785
856 _uhttp://mdc.csuc.cat/cdm/ref/collection/fulletsAB/id/33456#dcId=1557760772306&p=1
_yVersión en línea
_zMemoria Digital de Cataluña
903 _aLastres y Juiz, Francisco,
_d1848-1918
_q1
_ednr
_970504
942 _2udc
_cFOLLETOS
999 _c164523
_d164523